An empirical analysis of retail revolving credit : a research study /

Bibliographic Details
Main Author: McAlister, Edgar Ray
Other Authors: DeSpain, Edward
Format: Book
Language:English
Published: West Lafayette, Ind. : Credit Research Center, Krannert Graduate School of Management, Purdue University, [1975]
Series:Monograph (Krannert Graduate School of Management. Credit Research Center) ; no. 1.
Subjects:

MARC

Tag First Indicator Second Indicator Subfields
LEADER 00000cam a2200000 i 4500
001 in00000647421
005 20151015063317.0
008 761018s1975 inu b 00110 eng d
035 |a (OCoLC)02511131 
035 |9 ACW0701AM 
040 |a YUS  |c YUS  |d TXA  |d UtOrBLW 
049 |a TXAM  |c [1558829] 
090 |a HG3756.U54  |b M23 
100 1 |a McAlister, Edgar Ray. 
245 1 3 |a An empirical analysis of retail revolving credit :  |b a research study /  |c by E. Ray McAlister, with the assistance of Edward DeSpain. 
264 1 |a West Lafayette, Ind. :  |b Credit Research Center, Krannert Graduate School of Management, Purdue University,  |c [1975] 
264 4 |c ©1975 
300 |a xii, 166 pages ;  |c 23 cm. 
336 |a text  |b txt  |2 rdacontent 
337 |a unmediated  |b n  |2 rdamedia 
338 |a volume  |b nc  |2 rdacarrier 
490 1 |a Monograph - Credit Research Center ; no. 1 
504 |a Includes bibliographical references and index. 
650 0 |a Consumer credit  |z United States. 
650 0 |a Finance charges  |z United States. 
700 1 |a DeSpain, Edward. 
830 0 |a Monograph (Krannert Graduate School of Management. Credit Research Center) ;  |v no. 1. 
999 |a MARS 
999 f f |s 9b67da5b-e3dc-37c2-8387-135d23064576  |i 50ae60ad-537a-3599-9359-b78d5ff466e1  |t 0 
952 f f |p ric  |a Texas A&M University  |b Rellis Campus  |c Joint Library Facility  |d Remote Storage  |t 0  |e HG3756.U54 M23  |h Library of Congress classification  |i unmediated -- volume  |m A14802873561 
998 f f |a HG3756.U54 M23  |t 0  |l Remote Storage